| 000 | 00447nam a2200205Ia 4500 | ||
|---|---|---|---|
| 001 | 14211 | ||
| 003 | GE_BSU | ||
| 008 | 181216s||||||||xx |||||||||||||| ||und|| | ||
| 020 | _a553813897 | ||
| 040 | _cGE_BSU | ||
| 080 | _a821.111-311.6 | ||
| 100 | _aGleeson,Janet | ||
| 245 | 4 | _aThe Grenanadillo Box | |
| 260 | _aLondon | ||
| 260 | _bBantam Books | ||
| 260 | _c2003 | ||
| 300 | _a415p.20cm. | ||
| 653 | _aThe Grenanadillo Box | ||
| 942 | _cBK | ||
| 999 |
_c47350 _d47350 |
||